Cuba /

Gespeichert in:
Bibliographische Detailangaben
1. Verfasser: McDonald, Jock (fotógrafo y texto)
Format: Buch
Sprache:Spanisch
Veröffentlicht: San Francisco, EUA : edición de autor, 2008, c2008
Schlagworte:
Tags: Tag hinzufügen
Keine Tags, Fügen Sie das erste Tag hinzu!

MARC

LEADER 00000nam^a2200000^a^4500
001 000453253
005 20250526000000.0
009 20260310123857.315
037 |a Acervo ITESO - Biblioteca 
041 |a ESP 
082 |a 770. 973  |b MCD CUB 
100 |a McDonald, Jock  |e (fotógrafo y texto) 
245 1 0 |a Cuba /  |c Fotógrafo y texto J. McDonald. 
264 4 |a San Francisco, EUA :  |b edición de autor,  |c 2008, c2008 
300 |a [54 p.] ;  |c 18.5 cm. 
336 |a texto  |b txt  |2 rdacontenido 
337 |a sin mediación  |b n  |2 rdamedio 
338 |a volumen  |b nc  |2 rdasoporte 
649 |a XX 
650 |a Fotógrafos Norteamericanos 
650 |a Artistas Norteamericanos 
650 |a Cubanos -  |x Fotografías -  |x Tema Principal 
650 |a Retrato (Fotografía) -  |z EUA 
650 |a Fotografía Norteamericana -  |y Siglo XXI 
650 |a Arte Norteamericano -  |y Siglo XXI 
650 |a Cuba -  |x Fotografías -  |x Tema Principal 
650 |a McDonald, Jock -  |x Tema Principal 
910 |a Fondo General 
920 |a Impresos - Libros 
930 |a Libros Antiguos y Raros 
905 |a 108 
901 |a 0500384204  |b IT2  |c LRA  |i D115162  |u 20250526 
902 |a https://opac.biblio.iteso.mx/vufind/Record/000453253